Statistics for Every Player that Hit a HR for the Red Sox in 2021

Click here to take the quiz!

General Stats

  • This quiz has been taken 2 times
  • The average score is 12 of 19

Answer Stats

POSHRPlayer% Correct
C6Christian Vazquez
100%
CF/SS20Enrique Hernandez
100%
RF31Hunter Renfroe
100%
DH28J.D. Martinez
100%
DH/1B7Kyle Schwarber
100%
SS2Marwin Gonzalez
100%
3B38Rafael Devers
100%
SS23Xander Bogaerts
100%
LF/CF13Alex Verdugo
50%
1B/3B25Bobby Dalbec
50%
2B6Christian Arroyo
50%
OF2Jarren Duran
50%
SS1Jose Iglesias
50%
C3Kevin Plawecki
50%
2B2Michael Chavis
50%
1B/OF5Danny Santana
0%
UTIL1Franchy Cordero
0%
2B/SS3Johnathan Arauz
0%
3B3Travis Shaw
0%

Score Distribution

Percentile by Number Answered

Percent of People with Each Score

Your Score History

You have not taken this quiz